000 00503nam a2200181Ia 4500
005 20240822031006.0
008 240331s9999 xx 000 0 und d
020 _a8185835314
082 _bPRO
_a618.2
100 _aKaur,K.
245 0 _aPromotion of small family norms
_bthrough innovative methods
260 _aChandigarh
_bCentre for Research in Rural And Industrial Development
_c1997
300 _axv, 198 p .,
650 _aSocial
650 _aEconomic
650 _aChild care
942 _cL
999 _c4616
_d4616